<?xml version="1.0" encoding="UTF-8"?>
<record
    xmlns:xsi="http://www.w3.org/2001/XMLSchema-instance"
    xsi:schemaLocation="http://www.loc.gov/MARC21/slim http://www.loc.gov/standards/marcxml/schema/MARC21slim.xsd"
    xmlns="http://www.loc.gov/MARC21/slim">

  <leader>03392nam a2200541Ia 4500</leader>
  <controlfield tag="001">5829</controlfield>
  <controlfield tag="008">241029s9999    xx            000 0 und d</controlfield>
  <datafield tag="010" ind1=" " ind2=" ">
    <subfield code="a">5473</subfield>
  </datafield>
  <datafield tag="041" ind1=" " ind2=" ">
    <subfield code="a">Espa&#xF1;ol</subfield>
  </datafield>
  <datafield tag="082" ind1=" " ind2=" ">
    <subfield code="a">no aplica</subfield>
  </datafield>
  <datafield tag="245" ind1=" " ind2="0">
    <subfield code="a">Funcionalidad de las Juntas Descentralizadas de Acuerdo a Disposici&#xF3;n de la Ordenanza 02-2008, Liceos Mart&#xED;n Hiraldo y Apolinar Pe&#xF1;a, Altamira, Puerto Plata, Rep&#xFA;blica Dominicana 2016</subfield>
  </datafield>
  <datafield tag="260" ind1=" " ind2=" ">
    <subfield code="a">Puerto Plata</subfield>
  </datafield>
  <datafield tag="300" ind1=" " ind2=" ">
    <subfield code="a">121</subfield>
  </datafield>
  <datafield tag="520" ind1=" " ind2=" ">
    <subfield code="a">70</subfield>
  </datafield>
  <datafield tag="630" ind1=" " ind2=" ">
    <subfield code="a">Descentralizaci&#xF3;n</subfield>
  </datafield>
  <datafield tag="630" ind1=" " ind2=" ">
    <subfield code="a">Educaci&#xF3;n</subfield>
  </datafield>
  <datafield tag="650" ind1=" " ind2=" ">
    <subfield code="a">Gesti&#xF3;n Educativa</subfield>
  </datafield>
  <datafield tag="690" ind1=" " ind2=" ">
    <subfield code="a">Copiado sin cambios</subfield>
  </datafield>
  <datafield tag="700" ind1=" " ind2=" ">
    <subfield code="e">asesor</subfield>
    <subfield code="a">Cabrera, Ceferina </subfield>
  </datafield>
  <datafield tag="700" ind1=" " ind2=" ">
    <subfield code="e">autor</subfield>
    <subfield code="a">N&#xFA;&#xF1;ez Almeng&#xF3;, Apolinar </subfield>
  </datafield>
  <datafield tag="700" ind1=" " ind2=" ">
    <subfield code="e">autor</subfield>
    <subfield code="a"> Dur&#xE1;n Reyes, Carmen Gleny</subfield>
  </datafield>
  <datafield tag="901" ind1=" " ind2=" ">
    <subfield code="a">{"1":"N&#xFA;&#xF1;ez Almeng&#xF3;","2":" Dur&#xE1;n Reyes"}</subfield>
    <subfield code="b">{"1":"Apolinar ","2":"Carmen Gleny"}</subfield>
  </datafield>
  <datafield tag="902" ind1=" " ind2=" ">
    <subfield code="a">1</subfield>
  </datafield>
  <datafield tag="903" ind1=" " ind2=" ">
    <subfield code="a">{"1":"Cabrera"}</subfield>
    <subfield code="b">{"1":"Ceferina "}</subfield>
  </datafield>
  <datafield tag="904" ind1=" " ind2=" ">
    <subfield code="a">Mag&#xED;ster en</subfield>
  </datafield>
  <datafield tag="905" ind1=" " ind2=" ">
    <subfield code="a">Gesti&#xF3;n Educativa</subfield>
  </datafield>
  <datafield tag="906" ind1=" " ind2=" ">
    <subfield code="a">1</subfield>
  </datafield>
  <datafield tag="907" ind1=" " ind2=" ">
    <subfield code="a">Orientada en</subfield>
  </datafield>
  <datafield tag="908" ind1=" " ind2=" ">
    <subfield code="a">Gesti&#xF3;n Educativa</subfield>
  </datafield>
  <datafield tag="909" ind1=" " ind2=" ">
    <subfield code="a">Universidad Nacional Evang&#xE9;lica (UNEV), Recinto Santiago</subfield>
  </datafield>
  <datafield tag="910" ind1=" " ind2=" ">
    <subfield code="a">NULL</subfield>
    <subfield code="b">NULL</subfield>
  </datafield>
  <datafield tag="911" ind1=" " ind2=" ">
    <subfield code="a">["1"]</subfield>
  </datafield>
  <datafield tag="912" ind1=" " ind2=" ">
    <subfield code="a">NO APLICA</subfield>
  </datafield>
  <datafield tag="913" ind1=" " ind2=" ">
    <subfield code="a">NULL</subfield>
  </datafield>
  <datafield tag="914" ind1=" " ind2=" ">
    <subfield code="a">01 de Mayo de 2017</subfield>
  </datafield>
  <datafield tag="915" ind1=" " ind2=" ">
    <subfield code="a">13/10/19 04:10</subfield>
  </datafield>
  <datafield tag="916" ind1=" " ind2=" ">
    <subfield code="a">NULL</subfield>
  </datafield>
  <datafield tag="917" ind1=" " ind2=" ">
    <subfield code="a">NULL</subfield>
  </datafield>
  <datafield tag="918" ind1=" " ind2=" ">
    <subfield code="a">NO APLICA</subfield>
  </datafield>
  <datafield tag="919" ind1=" " ind2=" ">
    <subfield code="a">["61","72"]</subfield>
  </datafield>
  <datafield tag="520" ind1=" " ind2=" ">
    <subfield code="a">Es &#xFA;til reconocer que la descentralizaci&#xF3;n educativa ofrece m&#xFA;ltiples ventajas y una de ellas es que los sectores socio - educativos se convierten en agentes del desarrollo curricular, pedag&#xF3;gico e institucional de la instancia educativa a la que pertenecen. De este modo se hacen responsables de los logros y de las dificultades que se presenten.En ese sentido, esta investigaci&#xF3;n se orient&#xF3; a determinar los niveles de funcionalidad de las Juntas Descentralizadas de acuerdo a lo dispuesto en la Ordenanza 02-2008, de los Liceos Mart&#xED;n Hiraldo y Apolinar Pe&#xF1;a, del Distrito 11-05 de Altamira durante el a&#xF1;o 2016.La muestra escogida consisti&#xF3; en la selecci&#xF3;n de los 9 miembros de la Junta de Centro del Liceo Mart&#xED;n Hiraldo, 2 miembros del Equipo de Gesti&#xF3;n, el Tesorero, el secretario y 9 docentes. Semejante muestra se escogi&#xF3; en el Liceo Apolinar Pe&#xF1;a. Entre los hallazgos m&#xE1;s relevantes del estudio se encuentran los siguientes: Respecto a si los miembros de la Junta de Centro y el Equipo de Gesti&#xF3;n conocen sus roles y funciones, el 66.7% estuvo muy de acuerdo y el 33.3% se mostr&#xF3; de acuerdo.En ese mismo orden, el 55.6% de los miembros de la Junta de Centro del Liceo Apolinar Pe&#xF1;a estuvo muy de acuerdo y el 44.4% estuvo de acuerdo. El equipo de gesti&#xF3;n de ambos centro opin&#xF3; que est&#xE1;n muy de acuerdo. El 66.7% de los miembros dela junta de centro del Liceo Mart&#xED;n Hiraldo indic&#xF3; que casi siempre participan las juntas descentralizadas de su centro en las funciones de pasant&#xED;a, el 33.3% dijo que a veces.El 77.8% de los miembros de la junta de centro del Liceo Apolinar Pe&#xF1;a indic&#xF3; que casi siempre y el 22.2% expres&#xF3; que a veces. De igual manera, el 50% del equipo de gesti&#xF3;n del Liceo Mart&#xED;n Hiraldo y el 50% del Liceo Apolinar Pe&#xF1;a dijeron que esta situaci&#xF3;n se da siempre. Y restante 50% dijo que casi siempre.</subfield>
  </datafield>
  <datafield tag="921" ind1=" " ind2=" ">
    <subfield code="a">69</subfield>
  </datafield>
  <datafield tag="922" ind1=" " ind2=" ">
    <subfield code="a">69</subfield>
  </datafield>
  <datafield tag="923" ind1=" " ind2=" ">
    <subfield code="a">1</subfield>
  </datafield>
  <datafield tag="924" ind1=" " ind2=" ">
    <subfield code="a">20191010144108</subfield>
  </datafield>
  <datafield tag="942" ind1=" " ind2=" ">
    <subfield code="c">Tesis</subfield>
  </datafield>
  <datafield tag="999" ind1=" " ind2=" ">
    <subfield code="c">5473</subfield>
    <subfield code="d">5473</subfield>
  </datafield>
</record>
